| 000 | 00640nam a22001577a 4500 | ||
|---|---|---|---|
| 003 | OSt | ||
| 005 | 20151104160350.0 | ||
| 008 | 151104b xxu||||| |||| 00| 0 eng d | ||
| 040 | _cRUA | ||
| 082 | _aFOR ស្រេង 1994 B119 Or.1 | ||
| 100 |
_93370 _aស្រេង សុខខេង |
||
| 245 | _aស្វែងយល់ពីបច្ចេកទេសភ្ញាស់ និងការថែបំប៉នកូនក្រពើនៅក្រុងភ្នំពេញ និងខេត្តកំពង់ឆ្នំាង; | ||
| 260 |
_aPhnom Penh _bRUA _c1994 |
||
| 300 |
_a80p. _bill. _c29cm. |
||
| 942 |
_2ddc _cFOR |
||
| 999 |
_c3143 _d3143 |
||